Cuestiones contables fundamentales /
Guardado en:
| Autor Principal: | |
|---|---|
| Formato: | Libro |
| Publicado: |
Córdoba :
Macchi,
2001
|
| Edición: | 3 |
| Materias: | |
| Etiquetas: |
Agregar Etiqueta
Sin Etiquetas, Sea el primero en etiquetar este registro!
|
| LEADER | 00705nam a22002535a 4500 | ||
|---|---|---|---|
| 001 | CEM.cems013864 | ||
| 008 | 130507s2001##################000#0#####d | ||
| 005 | 20210705085948.0 | ||
| 003 | CEMS | ||
| 245 | 1 | 0 | |a Cuestiones contables fundamentales / |c Enrique Fowler Newton |
| 250 | |a 3 | ||
| 260 | |a Córdoba : |b Macchi, |c 2001 | ||
| 300 | |a 811 p. | ||
| 590 | |a 1038.013 | ||
| 020 | |a 9505375530 | ||
| 100 | 1 | |a Fowler Newton, Enrique | |
| 653 | |a Contabilidad | ||
| 653 | |a 2.costo - concepto | ||
| 653 | |a Ganancia - concepto | ||
| 653 | |a Informes contables | ||
| 653 | |a Normas contables | ||
| 653 | |a Documentos comerciales | ||
| 653 | |a Biblioteca TC | ||
| 859 | |a CEMS |b BIB. CEMS - 11 de abril |h TC |p 1038.013 |t Ej.1 | ||
